Research At The Intersection Of The Physical And Life Sciences (Record no. 577892)

MARC details
000 -LEADER
fixed length control field 00414nam a22001577a 4500
008 - FIXED-LENGTH DATA ELEMENTS--GENERAL INFORMATION
fixed length control field 250729b |||||||| |||| 00| 0 eng d
020 ## - INTERNATIONAL STANDARD BOOK NUMBER
ISBN 9780309147514
Paper back/Hardbound PBK
041 ## - LANGUAGE CODE
Language code of text/sound track or separate title ENG
082 ## - DEWEY DECIMAL CLASSIFICATION NUMBER
Classification number 507
Item number THE
245 ## - TITLE STATEMENT
Title Research At The Intersection Of The Physical And Life Sciences
260 ## - PUBLICATION, DISTRIBUTION, ETC. (IMPRINT)
Name of publisher National Academies Press
650 ## - SUBJECT ADDED ENTRY--TOPICAL TERM
Topical Term Physical
Topical Term Lifescience
942 ## - ADDED ENTRY ELEMENTS (KOHA)
Koha item type Reference
Holdings
Withdrawn status Lost status Damaged status Not for loan Home library Current library Shelving location Date acquired Full call number Accession Number Price effective from Koha item type
        Anna Centenary Library Anna Centenary Library 5TH FLOOR, A WING 24.10.2010 507 THE 287189 29.07.2025 Reference

Find us on the map